<The> Challenge of predicting economic crises

Enregistré dans:
Détails bibliographiques
Auteur principal: Berg, Andrew
Autres auteurs: Pattillo, Catherine
Format: Livre
Langue:anglais
Publié: Washington International Monetary Fund 2000
Collection:Economic issues 22
Sujets:
Tags: Ajouter un tag
Pas de tags, Soyez le premier à ajouter un tag!

MARC

LEADER 00000nam a2200000 4500
001 c124649
005 20221221082558.3
020 |a 1-55775-884-0 
022 |a 1020-5098 
041 0 |a eng 
044 |a US 
245 1 0 |a <The> Challenge of predicting economic crises  |c Andrew Berg, Catherine Pattillo 
264 1 |a Washington  |b International Monetary Fund  |c 2000 
300 |a 13 s. 
490 1 |a Economic issues  |v 22 
830 0 |a Economic issues  |v 22 
610 2 0 |a kríza hospodárska 
610 2 0 |a prognózovanie 
610 2 0 |a predvídanie 
610 2 0 |a štúdie prípadové 
610 2 0 |a Ázia 
610 2 0 |a Medzinárodný menový fond 
100 1 |a Berg, Andrew 
700 1 |a Pattillo, Catherine